00261nam a22000977a 4500008004100000020001500041082002100056245005500077260002000132300001100152230627b xxu||||| |||| 00| 0 eng d a9251039410 a338.37bFAO 1997 aThe State of World Fisheries and Aquacultureb1996 aRomebFAOc1997 aV,125p